|
|
|
|
| LEADER |
01728cam a22002657i 4500 |
| 001 |
10077115 |
| 003 |
GR-PaULI |
| 005 |
20210117210503.0 |
| 008 |
171023s1983 gr e f b 1 gre d |
| 040 |
|
|
|a GR-PaULI
|c GR-PaULI
|b gre
|e AACR2
|
| 082 |
0 |
4 |
|a 880.716
|2 23
|
| 100 |
1 |
|
|a Λυπουρλής, Δημήτρης Δ.
|9 26098
|e συγγραφέας
|
| 245 |
1 |
0 |
|a Αρχαία ελληνική μετρική :
|b μια πρώτη προσέγγιση /
|c Δημητρίου Δ. Λυπουρλή.
|
| 260 |
|
|
|a Θεσσαλονίκη :
|b Παρατηρητής,
|c 1983.
|
| 300 |
|
|
|a 229 σ. ;
|c 25 εκ.
|
| 504 |
|
|
|6 Περιλαμβάνει βιβλιογραφία και ευρετήριο.
|
| 650 |
|
4 |
|a Ελληνική γλώσσα, Αρχαία
|x Μετρική και ρυθμική
|9 77513
|
| 650 |
|
4 |
|a Ελληνική ποίηση, Αρχαία
|x Μετρική και ρυθμική
|9 77514
|
| 942 |
|
|
|2 ddc
|c BK15
|
| 952 |
|
|
|0 0
|1 0
|2 ddc
|4 0
|6 880_716000000000000_ΛΥΠ
|7 0
|9 216569
|a THST
|b THST
|d 2017-10-23
|i 003027
|l 0
|o 880.716 ΛΥΠ
|p 025000014801
|r 2017-10-23 00:00:00
|t 1
|v 2017.00
|w 2017-10-23
|y BK15
|
| 952 |
|
|
|0 0
|1 0
|2 ddc
|4 0
|6 880_716000000000000_ΛΥΠ
|7 0
|9 216573
|a THST
|b THST
|d 2017-10-23
|i 003030
|l 0
|o 880.716 ΛΥΠ
|p 025000014804
|r 2017-10-23 00:00:00
|t 2
|v 2017.00
|w 2017-10-23
|y BK15
|
| 952 |
|
|
|0 0
|1 0
|2 ddc
|4 0
|6 880_716000000000000_ΛΥΠ
|7 0
|9 216579
|a THST
|b THST
|d 2017-10-23
|i 003029
|l 0
|o 880.716 ΛΥΠ
|p 025000014802
|r 2017-10-23 00:00:00
|t 3
|v 2017.00
|w 2017-10-23
|y BK15
|z ΕΧΕΙ ΑΠΟΣΥΡΘΕΙ
|
| 952 |
|
|
|0 0
|1 0
|2 ddc
|4 0
|6 880_716000000000000_ΛΥΠ
|7 0
|9 216581
|a THST
|b THST
|d 2017-10-23
|i 003028
|l 0
|o 880.716 ΛΥΠ
|p 025000014800
|r 2017-10-23 00:00:00
|t 4
|v 2017.00
|w 2017-10-23
|y BK15
|
| 998 |
|
|
|c ΜΑΝΙΑ
|d 2017-10
|
| 999 |
|
|
|c 131338
|d 131338
|